| 000 | 00888na a2200289 4500 | ||
|---|---|---|---|
| 001 | 24071 | ||
| 003 | MIRAKIL | ||
| 005 | 20181213155329.0 | ||
| 008 | 180312b tu 000 0 | ||
| 040 |
_aMilas _btur _cTR-AnCHP |
||
| 041 | _atur | ||
| 082 |
_a320.5315 _bS67 [t.y.] |
||
| 090 | _a320.5315 S67 [t.y.] | ||
| 245 |
_aSosyal demokrat düşünce atölyeleri _bEğitim 1 |
||
| 246 | _aEğitim-1 | ||
| 260 |
_a[y.y.] _b[yayl.y.] _c[t.y.] |
||
| 300 |
_akrş. s. (yaklaşık 70 s.) _btbl. _c30 sm. |
||
| 505 | _aYeni eğitim düzeni --/ Eğitimde dönüşüm projesi | ||
| 610 |
_aSHP _xEğitim politikaları,1994 |
||
| 650 |
_aSosyal demokrasi _xTürkiye |
||
| 650 |
_aEğitim politikaları _xTürkiye |
||
| 650 |
_aSiyaset ve yönetim _xTürkiye |
||
| 740 | _aEğitimde dönüşüm projesi | ||
| 740 | _aYeni eğitim düzeni | ||
| 740 | _aEğitim-1 | ||
| 942 |
_2ddc _cBKS |
||
| 999 |
_c10637 _d10637 |
||